| 000 | 01005 a2200193 4500 | ||
|---|---|---|---|
| 003 | Nust | ||
| 005 | 20230321104213.0 | ||
| 020 | _a0-02-381650-3 | ||
| 040 | _cNust | ||
| 082 | _a658,MIN | ||
| 100 | 1 |
_aMiner, John B. _9110735 |
|
| 245 | 0 | 4 |
_aThe management process : _btheory, research, and practice / _cJohn B. Miner |
| 250 | _a2nd ed. | ||
| 260 |
_aNew York, _bMacmillan pub _c1978 |
||
| 300 | _a634 p. | ||
| 505 | _aTheoretical and Historical Orientations (Page-3), The Linking Functions Decision Making Communication and Bargaining (Page-98), Establishing Role Prescriptions Policy Planning (Page-189), Establishing Role Prescriptions Organization Planning (Page-257), Improving Organizational Inputs Supervising (Page-369), Sustaining and Restoring Inputs Potential Level Coordination and Controlling (Page-449), Dealing with Internal and External Relations Staffing and Representing (Page-523), Careers in Management (Page-607). | ||
| 650 |
_aThe management process _9110762 |
||
| 942 |
_2ddc _cBK |
||
| 999 |
_c188957 _d188957 |
||